000 02604cam a2200169 4500500
005 20260222004731.0
041 _afre
042 _adc
100 1 0 _aGuise-Castelnuovo, Antoinette
_eauthor
245 0 0 _a« Pluie de roses » sur les missionnaires
260 _c2010.
500 _a47
520 _aRésuméLe titre de l’article de Claude Prudhomme, grand spécialiste de l’histoire missionnaire, indique le sens d’un événement qui a surpris, quand une jeune moniale de Lisieux, à peine canonisées (1925), a été proclamée patronne des missions à l’égale de François Xavier (1927). La mise en perspective des initiatives pontificales dans ce domaine sensible montre comment Pie XI mobilise Thérèse au service du mouvement missionnaire, notamment pour légitimer sa politique d’indigénisation du clergé. Toutefois, le nouveau pape, qui a une dévotion particulière pour la carmélite, obéit aussi à d’autres considérations : il entend ainsi saluer, à travers Thérèse, le rôle de la France, au moment où ses œuvres missionnaires principales (dont la Propagation de la foi) passent sous contrôle romain ; il désire aussi rappeler l’importance de la mobilisation populaire, tant en Europe que dans les missions, notamment par le canal de la prière dont Thérèse est une figure exemplaire.
520 _aTeresa, patron of the missions in the service of indigenisationThe title of the article by this renowned specialist in missionary history shows the significance of the surprising event when a young nun from Lisieux, recently canonised (1925), was proclaimed patron of the missions, alongside Francis Xavier (1927). He clarifies the motivation of Pius XI for this decision in a sensitive area by showing how he brought Teresa to the service of the missionary movement above all, to support his policy of the indigenisation of the clergy. The new Pope, who had a special devotion to the young Carmelite, gave additional reasons for his initiative ; through Teresa, he wanted to commend the role that France was playing at a time when its principal missionary works (including the Propagation of the Faith) were coming under the control of Rome. He also wanted to stress the importance of the involvement of the people, both in Europe and in the missions, above all by means of prayer, of which Teresa was an exemplary figure.
786 0 _nHistoire et missions chrétiennes | 15 | 3 | 2010-09-01 | p. 133-135 | 1957-5246
856 4 1 _uhttps://shs.cairn.info/revue-histoire-monde-et-cultures-religieuses1-2010-3-page-133?lang=fr&redirect-ssocas=7080
999 _c1668769
_d1668769